000 00784nam a2200253Ia 4500
003 OSt
005 20220923224153.0
006 a|||||r|||| 00| 0
007 ta
008 Pun
024 _a227,018
037 _cTextual
040 _aARTS
_cARTS
_bPun
041 _2Pun
_aPun
082 _aO153:g(Q8441), P3
100 _aਮੁਖਬੈਨ ਸਿੰਘ
245 0 _aਮਿਥ, ਦਰFਨ ਤੇ ਚਿਹਨ Fਾਸਤਰ
260 _aਅੰਮ੍ਰਿਤਸਰ
_b ਰਵੀ ਸਾਹਿਤ ਪ੍ਰਕਾFਨ
_c2003
300 _a136ਪੰ
_ccm.
650 _a ਪੰਜਾਬੀ ਸਾਹਿਤ
650 _aਪੰਜਾਬੀ ਸਾਹਿਤ
942 _hO153:g(Q8441), P3
_cTEXL
_2CC
999 _c369694
_d369694